[Event "Chelmno op 4th"]
[Site "Chelmno"]
[Date "2021.??.??"]
[Round "2"]
[White "Wloch, Mikolaj"]
[Black "Przybylski, Bartosz1111"]
[Result "1/2-1/2"]
[WhiteElo "1816"]
[BlackElo "1585"]
[PlyCount "60"]
[EventDate "2021.07.19"]
[EventType "swiss"]
[EventRounds "9"]
[EventCountry "POL"]
[SourceTitle "EXT 2022"]
[Source "ChessBase"]
[SourceDate "2021.10.06"]
[SourceVersion "1"]
[SourceVersionDate "2021.10.06"]
[SourceQuality "1"]

1. e4 g6 2. Nf3 Bg7 3. d4 d6 4. Nc3 a6 5. Be3 b5 6. Bd3 Bb7 7. a4 bxa4 8. Rxa4 Nf6 9. 0-0 0-0 10. h3 Nbd7 11. Qe2 a5 12. Rfa1 c5 13. dxc5 Nxc5 14. Bxc5 dxc5 15. Nd2 Nh5 16. Nb3 Nf4 17. Qe3 Nxd3 18. cxd3 Bc6 19. Rxa5 Rxa5 20. Nxa5 Qb6 21. Nxc6 Qxc6 22. Nd5 Qd6 23. Qe2 Rb8 24. Ra2 e6 25. Ne3 Rd8 26. Ra3 Bd4 27. Nc4 Qf4 28. Ra1 Rb8 29. Qc2 h5 30. Ra2 Rb4 1/2-1/2

[Event "Rubinstein Memorial-A 55th"]
[Site "Polanica Zdroj"]
[Date "2019.08.25"]
[Round "9"]
[White "Wloch, Mikolaj"]
[Black "Luberanski, Jakub"]
[Result "0-1"]
[WhiteElo "1771"]
[BlackElo "1996"]
[PlyCount "116"]
[EventDate "2019.08.17"]
[EventType "swiss"]
[EventRounds "9"]
[EventCountry "POL"]
[SourceTitle "EXT 2020"]
[Source "ChessBase"]
[SourceDate "2019.10.17"]
[SourceVersion "1"]
[SourceVersionDate "2019.10.17"]
[SourceQuality "1"]

1. e4 c5 2. Nf3 e6 3. d4 cxd4 4. Nxd4 Nf6 5. Nc3 d6 6. Be3 a6 7. a4 Nc6 8. Be2 Be7 9. 0-0 0-0 10. Nb3 Na5 11. f4 Nxb3 12. cxb3 Qa5 13. Qd2 Qb4 14. e5 dxe5 15. fxe5 Nd7 16. Rf4 Qa5 17. Raf1 Nxe5 18. Kh1 Bg5 19. R4f2 Bxe3 20. Qxe3 Ng6 21. Ne4 Qe5 22. Qd3 b6 23. Ng3 Bb7 24. Qd7 Qd5 25. Qc7 Qc6 26. Qxc6 Bxc6 27. Bd3 Ne5 28. Be4 Rac8 29. Bxc6 Rxc6 30. Re2 f6 31. Ne4 Rd8 32. h3 Rd3 33. Nc3 Rcd6 34. Rff2 R6d4 35. Rc2 Rb4 36. Kh2 Rxb3 37. Ne4 Rd8 38. Rc7 Rb4 39. Nc3 Nd3 40. Rf3 Nxb2 41. Rg3 g6 42. Re3 e5 43. Ne4 Rf8 44. g4 Rf7 45. Rc8+ Kg7 46. g5 fxg5 47. Nxg5 Re7 48. Ne4 Nxa4 49. Nd6 Rf4 50. Kg3 Nc5 51. Rc6 Rb4 52. Nc8 Re6 53. Rc7+ Kh6 54. Ne7 Ne4+ 55. Kg2 Kg5 56. Kf3 Rf6+ 57. Ke2 Rf2+ 58. Kd1 Rb1+ 0-1

[Event "Rubinstein Memorial-A 55th"]
[Site "Polanica Zdroj"]
[Date "2019.08.18"]
[Round "2"]
[White "Vanduyfhuys, Daria"]
[Black "Wloch, Mikolaj"]
[Result "0-1"]
[WhiteElo "2160"]
[BlackElo "1771"]
[PlyCount "62"]
[EventDate "2019.08.17"]
[EventType "swiss"]
[EventRounds "9"]
[EventCountry "POL"]
[SourceTitle "EXT 2020"]
[Source "ChessBase"]
[SourceDate "2019.10.17"]
[SourceVersion "1"]
[SourceVersionDate "2019.10.17"]
[SourceQuality "1"]

1. d4 d5 2. c4 c6 3. Nf3 Nf6 4. Nc3 e6 5. Bg5 h6 6. Bxf6 Qxf6 7. e3 Nd7 8. Bd3 dxc4 9. Bxc4 Bd6 10. 0-0 Qe7 11. Rc1 0-0 12. Ne4 Bc7 13. Bd3 e5 14. d5 Bb6 15. dxc6 bxc6 16. Rxc6 Bb7 17. Rd6 Rad8 18. Ng3 Bxf3 19. gxf3 Nc5 20. Nf5 Qg5+ 21. Kh1 Nxd3 22. Qxd3 Rxd6 23. Nxd6 Rd8 24. Qa3 Qf6 25. Nb5 Qxf3+ 26. Kg1 Qg4+ 27. Kh1 Qe2 28. Kg2 Qxb5 29. Qc3 Qd5+ 30. Kg1 Rd6 31. f3 Qd2 0-1

[Event "Poznan op 26th"]
[Site "Poznan"]
[Date "2018.08.24"]
[Round "7"]
[White "Wloch, Mikolaj"]
[Black "Rozumek, Krzysztof"]
[Result "1-0"]
[WhiteElo "1772"]
[BlackElo "1848"]
[PlyCount "78"]
[EventDate "2018.08.19"]
[EventType "swiss"]
[EventRounds "9"]
[EventCountry "POR"]
[SourceTitle "CBM 186 Extra"]
[Source "ChessBase"]
[SourceDate "2018.08.24"]
[SourceVersion "1"]
[SourceVersionDate "2018.08.24"]
[SourceQuality "1"]

1. e4 c6 2. Nf3 d5 3. Nc3 dxe4 4. Nxe4 Nd7 5. d4 Ngf6 6. Ng3 e6 7. Bd3 c5 8. 0-0 cxd4 9. Nxd4 Bc5 10. Nb3 Be7 11. Re1 0-0 12. Qf3 Nd5 13. c3 Qc7 14. Bd2 g6 15. Bf1 Bd6 16. Nd4 a6 17. Bh6 Re8 18. Rad1 Ne5 19. Qe4 Bd7 20. Qe2 Rac8 21. Ne4 Be7 22. f4 Nc6 23. Nf3 Rcd8 24. Qf2 Qb6 25. Qxb6 Nxb6 26. Bg5 Bc8 27. Bxe7 Rxe7 28. Rxd8+ Nxd8 29. Ne5 Rc7 30. Nf6+ Kh8 31. Rd1 Nc6 32. g4 Nxe5 33. Rd8+ Kg7 34. Ne8+ Kh6 35. g5+ Kh5 36. Nxc7 Nf3+ 37. Kg2 Nxg5 38. fxg5 Kxg5 39. a4 Bd7 1-0

[Event "Poznan op 26th"]
[Site "Poznan"]
[Date "2018.08.19"]
[Round "2"]
[White "Leskiewicz, Ignacy"]
[Black "Wloch, Mikolaj"]
[Result "1-0"]
[WhiteElo "1964"]
[BlackElo "1772"]
[PlyCount "43"]
[EventDate "2018.08.19"]
[EventType "swiss"]
[EventRounds "9"]
[EventCountry "POR"]
[SourceTitle "CBM 186 Extra"]
[Source "ChessBase"]
[SourceDate "2018.08.24"]
[SourceVersion "1"]
[SourceVersionDate "2018.08.24"]
[SourceQuality "1"]

1. e4 c5 2. Nf3 d6 3. d4 cxd4 4. Nxd4 Nf6 5. Nc3 g6 6. Be3 Bg7 7. f3 0-0 8. Qd2 Nc6 9. 0-0-0 Nxd4 10. Bxd4 Be6 11. Kb1 Qc7 12. h4 Rfc8 13. h5 Qa5 14. hxg6 fxg6 15. a3 a6 16. Bd3 b5 17. Qg5 Rab8 18. Nd5 Bxd5 19. Bxf6 Bxf6 20. Qxd5+ Kg7 21. e5 Rf8 22. Qe4 1-0

[Event "POL-chT4 Kujawsko-Pomorskie 1516"]
[Site "Poland"]
[Date "2016.01.31"]
[Round "6"]
[White "Darowicki, Mariusz"]
[Black "Wloch, Mikolaj"]
[Result "1-0"]
[WhiteElo "1823"]
[BlackElo "1467"]
[PlyCount "50"]
[EventDate "2015.11.08"]
[EventType "team-tourn"]
[EventRounds "11"]
[EventCountry "POL"]
[SourceTitle "EXT 2019"]
[Source "ChessBase"]
[SourceDate "2018.10.10"]
[SourceVersion "1"]
[SourceVersionDate "2018.10.10"]
[SourceQuality "1"]

1. d4 d5 2. c4 e6 3. Nc3 Nf6 4. Bg5 Be7 5. e3 0-0 6. Nf3 c6 7. Bd3 dxc4 8. Bxc4 a6 9. 0-0 Nbd7 10. Qe2 b5 11. Bd3 Bb7 12. Rfd1 Rc8 13. e4 h6 14. Bh4 Re8 15. Ne5 Qc7 16. Bg3 Nxe5 17. Bxe5 Qb6 18. a4 Nd7 19. Bf4 b4 20. a5 Qd8 21. Na4 Bg5 22. Bg3 Bh4 23. Nc5 Bxg3 24. hxg3 Nxc5 25. dxc5 Qe7 1-0

[Event "POL-chT3 Kujawsko Pomorskie 1617"]
[Site "Poland"]
[Date "2016.??.??"]
[Round "3.7"]
[White "Wloch, Mikolaj"]
[Black "Cwik, Jakub"]
[Result "1-0"]
[WhiteElo "1600"]
[BlackElo "1831"]
[PlyCount "55"]
[EventDate "2016.11.06"]
[EventType "team-tourn"]
[EventRounds "9"]
[EventCountry "POL"]
[SourceTitle "EXT 2018"]
[Source "ChessBase"]
[SourceDate "2017.10.13"]
[SourceVersion "1"]
[SourceVersionDate "2017.10.13"]
[SourceQuality "1"]

1. e4 e6 2. d4 d5 3. exd5 exd5 4. Bd3 Nc6 5. Nf3 Bd6 6. 0-0 Nge7 7. c3 Bg4 8. Be3 Qd7 9. Nbd2 0-0-0 10. b4 Bf5 11. Nb3 Bxd3 12. Qxd3 Qf5 13. Qe2 Ng6 14. b5 Nce7 15. a4 Qg4 16. h3 Nf4 17. Bxf4 Qxf4 18. b6 axb6 19. a5 bxa5 20. Nxa5 b6 21. g3 Qe4 22. Qa6+ Kd7 23. Qb5+ Kc8 24. Nb3 Qxf3 25. Ra8+ Kb7 26. Na5+ Kxa8 27. Qa6+ Kb8 28. Qb7# 1-0

[Event "POL-chT4 Kujawsko-Pomorskie 1516"]
[Site "Poland"]
[Date "2015.11.29"]
[Round "3"]
[White "Wloch, Mikolaj"]
[Black "Bieluszewski, Henryk"]
[Result "1-0"]
[WhiteElo "1467"]
[BlackElo "1779"]
[PlyCount "57"]
[EventDate "2015.11.08"]
[EventType "team-tourn"]
[EventRounds "11"]
[EventCountry "POL"]
[SourceTitle "EXT 2019"]
[Source "ChessBase"]
[SourceDate "2018.10.10"]
[SourceVersion "1"]
[SourceVersionDate "2018.10.10"]
[SourceQuality "1"]

1. e4 d5 2. exd5 Qxd5 3. Nc3 Qd8 4. Nf3 Nf6 5. d4 c6 6. Bc4 e6 7. 0-0 Be7 8. Re1 0-0 9. Bf4 b5 10. Bb3 Bb4 11. Qd3 Bd6 12. Bxd6 Qxd6 13. Ne4 Nxe4 14. Rxe4 Nd7 15. Rh4 Nf6 16. c3 Bb7 17. Bc2 g6 18. Ne5 Nd7 19. Nxd7 Qxd7 20. Qe3 Qe7 21. Qh6 f5 22. Bb3 Rf6 23. Re1 Bc8 24. Rh3 Bd7 25. Rhe3 Re8 26. Qf4 Bc8 27. a4 a6 28. axb5 axb5 29. Ra1 1-0

[Event "POL-chT4 Kujawsko-Pomorskie 1516"]
[Site "Poland"]
[Date "2015.11.22"]
[Round "2"]
[White "Matczynski, Mariusz"]
[Black "Wloch, Mikolaj"]
[Result "0-1"]
[WhiteElo "1113"]
[BlackElo "1467"]
[PlyCount "134"]
[EventDate "2015.11.08"]
[EventType "team-tourn"]
[EventRounds "11"]
[EventCountry "POL"]
[SourceTitle "EXT 2019"]
[Source "ChessBase"]
[SourceDate "2018.10.10"]
[SourceVersion "1"]
[SourceVersionDate "2018.10.10"]
[SourceQuality "1"]

1. e4 c5 2. Nf3 d6 3. d4 cxd4 4. Nxd4 Nf6 5. Nc3 g6 6. Bg5 Bg7 7. Bc4 0-0 8. 0-0 Nc6 9. Nxc6 bxc6 10. Qd2 Qb6 11. a3 Rd8 12. Rfd1 Bg4 13. Re1 Qc7 14. h3 Be6 15. Bxe6 fxe6 16. Bh6 Rab8 17. b3 Bh8 18. Qe3 Nd7 19. Bg5 Re8 20. Qd3 Qa5 21. Bd2 Ne5 22. Qe3 Qb6 23. Rab1 Nd7 24. Na4 Qc7 25. Qg3 Rf8 26. Qg4 Rf6 27. Bg5 Ne5 28. Qh4 Rf7 29. Nb2 Rbf8 30. Bh6 Bg7 31. Be3 Qa5 32. Nd3 Nxd3 33. cxd3 Qxa3 34. Qg4 Qb4 35. Qxe6 Bd4 36. Bxd4 Qxd4 37. Re3 Kh8 38. Rf1 Rxf2 39. Rfe1 Rf1+ 40. Kh2 Rxe1 41. Rxe1 Qg7 42. Qd7 Qe5+ 43. Kh1 Qg3 44. Rg1 Qe5 45. Qxa7 c5 46. Qb7 Rf7 47. Qd7 Kg7 48. Qc6 Qd4 49. Qb5 Qe3 50. Qc4 Qg3 51. Qc2 Qf2 52. Qc1 Qd4 53. Qd2 Rf2 54. Qe1 Rb2 55. Qd1 Qc3 56. Rf1 Qxb3 57. Qf3 Qg8 58. Qf4 Rb8 59. Qh4 Qe6 60. Qf4 Qf6 61. Qc1 Qe5 62. Qc4 Rf8 63. Ra1 Qg3 64. Qc3+ Qe5 65. Qc1 Qd4 66. Ra2 Rf2 67. Ra7 Qe5 0-1

[Event "Suwalki op"]
[Site "Suwalki"]
[Date "2015.07.04"]
[Round "8"]
[White "Kacprzak, Kacper"]
[Black "Wloch, Mikolaj"]
[Result "1/2-1/2"]
[WhiteElo "1212"]
[BlackElo "1450"]
[PlyCount "77"]
[EventDate "2015.06.29"]
[EventType "swiss"]
[EventRounds "9"]
[EventCountry "POL"]
[SourceTitle "EXT 2017"]
[Source "ChessBase"]
[SourceDate "2016.10.25"]
[SourceVersion "1"]
[SourceVersionDate "2016.10.25"]
[SourceQuality "1"]

1. e4 c5 2. Nf3 d6 3. d4 cxd4 4. Nxd4 Nf6 5. Nc3 g6 6. Be3 Bg7 7. f3 0-0 8. Qd2 Nc6 9. Bc4 Bd7 10. 0-0-0 a6 11. g4 b5 12. Bb3 Na5 13. h4 Nxb3+ 14. Nxb3 b4 15. Ne2 a5 16. h5 a4 17. Nbd4 e5 18. Nf5 gxf5 19. gxf5 b3 20. cxb3 axb3 21. a3 Qc7+ 22. Kb1 Rfc8 23. Rc1 Bc6 24. Rhg1 Nxh5 25. Bh6 f6 26. Bxg7 Nxg7 27. Qh6 Qf7 28. Rxg7+ Qxg7 29. Rg1 Qxg1+ 30. Nxg1 Bb5 31. Qd2 Rc5 32. Qxd6 Rac8 33. Qe6+ Kg7 34. Qe7+ Kg8 35. Qe6+ Kf8 36. Qxf6+ Ke8 37. Qe6+ Kd8 38. Qd6+ Bd7 39. Qf8+ 1/2-1/2

[Event "Suwalki op"]
[Site "Suwalki"]
[Date "2015.06.29"]
[Round "1"]
[White "Wloch, Mikolaj"]
[Black "Garbowski, Jakub"]
[Result "0-1"]
[WhiteElo "1450"]
[BlackElo "1981"]
[PlyCount "62"]
[EventDate "2015.06.29"]
[EventType "swiss"]
[EventRounds "9"]
[EventCountry "POL"]
[SourceTitle "EXT 2017"]
[Source "ChessBase"]
[SourceDate "2016.10.25"]
[SourceVersion "1"]
[SourceVersionDate "2016.10.25"]
[SourceQuality "1"]

1. e4 c5 2. Nf3 e6 3. d4 cxd4 4. Nxd4 Nf6 5. Nc3 d6 6. Be3 a6 7. Be2 Qc7 8. 0-0 b5 9. a3 Bb7 10. f3 Be7 11. Kh1 Nbd7 12. Qe1 0-0 13. g4 Nb6 14. Qf2 Nfd7 15. Rg1 d5 16. exd5 Nxd5 17. Nxd5 Bxd5 18. Rad1 Qb7 19. h4 Bc5 20. Rg3 Bxd4 21. Bxd4 e5 22. Bc3 f5 23. gxf5 Rxf5 24. Rdg1 g6 25. Qg2 Qc6 26. Rh3 Nf6 27. Rg3 Nh5 28. Rg5 Nf4 29. Qg4 Rxg5 30. Qxg5 Nxe2 31. Qxe5 Nxc3 0-1

[Event "POL-ch U14"]
[Site "Suwalki"]
[Date "2015.04.09"]
[Round "2"]
[White "Kokoszczynski, Jan"]
[Black "Wloch, Mikolaj"]
[Result "1-0"]
[WhiteElo "1906"]
[BlackElo "1564"]
[PlyCount "99"]
[EventDate "2015.04.08"]
[EventType "swiss"]
[EventRounds "9"]
[EventCountry "POL"]
[SourceTitle "EXT 2017"]
[Source "ChessBase"]
[SourceDate "2016.10.25"]
[SourceVersion "1"]
[SourceVersionDate "2016.10.25"]
[SourceQuality "1"]

1. e4 c5 2. Nf3 d6 3. d4 cxd4 4. Qxd4 Nc6 5. Bb5 Bd7 6. Bxc6 Bxc6 7. Nc3 Nf6 8. Bg5 Qb6 9. Qd3 h6 10. Bxf6 gxf6 11. 0-0 Bg7 12. Nd4 Rc8 13. Nf5 Bf8 14. Rab1 Rg8 15. Nd5 Bxd5 16. exd5 Qc5 17. Rfe1 Kd7 18. Qh3 Kd8 19. Ne3 Qa5 20. c4 Qc7 21. b4 b6 22. Rec1 Qd7 23. Qh4 Bg7 24. Qh5 e6 25. Rd1 e5 26. Rdc1 Bf8 27. h4 Rg6 28. Qf3 Be7 29. Nf5 Bf8 30. Rc2 Qa4 31. Qd3 Rg4 32. f3 Rg6 33. a3 Qa6 34. Rbc1 Qb7 35. Qe4 Qd7 36. Rc3 Qb7 37. R3c2 Qd7 38. Kh2 h5 39. Rc3 Rc7 40. g3 Rc8 41. R1c2 Rc7 42. Rg2 b5 43. Rgc2 bxc4 44. Rxc4 Rxc4 45. Qxc4 Qxf5 46. Qc7+ Ke8 47. Qb8+ Ke7 48. Rc7+ Qd7 49. Rxd7+ Kxd7 50. Qxf8 1-0

[Event "POL-ch U14"]
[Site "Suwalki"]
[Date "2015.04.09"]
[Round "3"]
[White "Wloch, Mikolaj"]
[Black "Stanowski, Mateusz"]
[Result "0-1"]
[WhiteElo "1564"]
[BlackElo "1401"]
[PlyCount "82"]
[EventDate "2015.04.08"]
[EventType "swiss"]
[EventRounds "9"]
[EventCountry "POL"]
[SourceTitle "EXT 2017"]
[Source "ChessBase"]
[SourceDate "2016.10.25"]
[SourceVersion "1"]
[SourceVersionDate "2016.10.25"]
[SourceQuality "1"]

1. e4 e5 2. Nf3 Nc6 3. d4 exd4 4. Bc4 Be7 5. c3 dxc3 6. Qd5 Nh6 7. Bxh6 0-0 8. Bc1 Nb4 9. Qh5 Nc2+ 10. Kf1 Nxa1 11. Ne5 d5 12. Bxd5 Be6 13. Nxc3 Nc2 14. Bxb7 Rb8 15. Bd5 Bxd5 16. Nxd5 Nb4 17. Qe2 Nxd5 18. Nc6 Qd6 19. Nxb8 Nf4 20. Bxf4 Qxf4 21. g3 Qd6 22. Qb5 a6 23. Qb7 c6 24. Nxc6 Qd3+ 25. Kg1 Qb1+ 26. Kg2 Qxe4+ 27. Kg1 Bc5 28. h4 Qe1+ 29. Kg2 Qxf2+ 30. Kh3 Qf5+ 31. Kg2 Re8 32. Qxa6 Qg4 33. Qd3 Re2+ 34. Kf1 Rf2+ 35. Ke1 Qe6+ 36. Kd1 Qxc6 37. Re1 Rxb2 38. Qd8+ Bf8 39. Qd3 Qa4+ 40. Kc1 Qxa2 41. Re8 Qa1+ 0-1

[Event "POL Olympiad U12"]
[Site "Spala"]
[Date "2014.12.30"]
[Round "7.10"]
[White "Wloch, Mikolaj"]
[Black "Mis, Mieszko"]
[Result "0-1"]
[WhiteElo "1455"]
[BlackElo "1619"]
[PlyCount "90"]
[EventDate "2014.04.06"]
[EventType "swiss"]
[EventRounds "9"]
[EventCountry "POL"]
[SourceTitle "EXT 2023"]
[Source "ChessBase"]
[SourceDate "2022.10.05"]
[SourceVersion "1"]
[SourceVersionDate "2022.10.05"]
[SourceQuality "1"]

1. e4 e6 2. d4 d5 3. Nd2 Nf6 4. e5 Nfd7 5. c3 c5 6. Bd3 Nc6 7. Ne2 cxd4 8. cxd4 f6 9. exf6 Nxf6 10. 0-0 Bd6 11. Nf3 Qc7 12. Bg5 0-0 13. Nc3 a6 14. Bh4 g6 15. Bg3 Bxg3 16. hxg3 Qg7 17. Rc1 Bd7 18. Bb1 b5 19. a3 Na5 20. Ne5 Nc4 21. Nxc4 bxc4 22. Qe2 Rab8 23. Ba2 Rb6 24. Rb1 Rfb8 25. Rfe1 Ne8 26. Qd2 Nd6 27. Red1 Nf5 28. Ne2 Ba4 29. Rdc1 Qh6 30. Qa5 Bd7 31. Qc3 Nd6 32. b3 Ne4 33. Qc2 cxb3 34. Rxb3 Rxb3 35. Bxb3 Bb5 36. Qc7 Rf8 37. Nf4 g5 38. Nxe6 Qxe6 39. f3 Nd2 40. Bc2 Qe3+ 41. Kh2 Bd3 42. Bxd3 Qxd3 43. Qe5 Qf5 44. Qe7 Nc4 45. g4 Qf4+ 0-1

[Event "POL-chT U19 2nd League"]
[Site "Szczyrk"]
[Date "2014.07.31"]
[Round "9.134"]
[White "Wloch, Mikolaj"]
[Black "Rylski, Mateusz"]
[Result "1-0"]
[WhiteElo "1482"]
[BlackElo "1347"]
[PlyCount "69"]
[EventDate "2014.07.25"]
[EventType "team-swiss"]
[EventRounds "11"]
[EventCountry "POL"]
[SourceTitle "EXT 2015"]
[Source "ChessBase"]
[SourceDate "2014.11.20"]
[SourceVersion "1"]
[SourceVersionDate "2014.11.20"]
[SourceQuality "1"]
[WhiteTeam "Bydgoszcz Chemik U19"]
[BlackTeam "Chylice KS Laura U19 II"]
[WhiteTeamCountry "POL"]
[BlackTeamCountry "POL"]

1. e4 e6 2. d4 d5 3. Nd2 Nf6 4. e5 Nfd7 5. Bd3 c5 6. c3 Nc6 7. Ne2 Be7 8. Nf3 0-0 9. 0-0 f6 10. exf6 Nxf6 11. h3 Bd6 12. Bf4 Bxf4 13. Nxf4 Qd6 14. Ne2 b6 15. Ng3 e5 16. dxe5 Nxe5 17. Nxe5 Qxe5 18. Re1 Qd6 19. Ne4 Nxe4 20. Bxe4 Bb7 21. Qd3 g6 22. Rad1 Rad8 23. Bf3 Qf6 24. c4 Qxb2 25. Re7 Bc6 26. Rc7 Ba8 27. Rxa7 d4 28. Re1 Rf7 29. Rxf7 Kxf7 30. Bxa8 Rxa8 31. Qf3+ Kg7 32. Re7+ Kh6 33. Qf4+ g5 34. Qf6+ Kh5 35. Rxh7# 1-0

[Event "POL-ch qual U11"]
[Site "Jastrzebia Gora"]
[Date "2013.09.25"]
[Round "9.3"]
[White "Lipiak, Mateusz"]
[Black "Wloch, Mikolaj"]
[Result "1-0"]
[WhiteElo "1442"]
[BlackElo "1392"]
[PlyCount "53"]
[EventDate "2013.09.25"]
[EventType "swiss"]
[EventRounds "9"]
[EventCountry "POL"]
[SourceTitle "EXT 2023"]
[Source "ChessBase"]
[SourceDate "2022.10.05"]
[SourceVersion "1"]
[SourceVersionDate "2022.10.05"]
[SourceQuality "1"]

1. e4 c5 2. Nc3 d6 3. f4 Nf6 4. Nf3 g6 5. Bb5+ Bd7 6. Bxd7+ Qxd7 7. 0-0 Bg7 8. d3 0-0 9. Qe1 Nc6 10. Bd2 a6 11. h3 Rfe8 12. Qh4 b5 13. e5 dxe5 14. fxe5 Nd5 15. Ng5 h5 16. Nxf7 Rf8 17. Ng5 Nxc3 18. Bxc3 b4 19. e6 Bd4+ 20. Bxd4 Qxd4+ 21. Qxd4 Nxd4 22. Rad1 Rf6 23. Rxf6 exf6 24. Ne4 Nxe6 25. Nxf6+ Kf7 26. Ne4 Rc8 27. Nd6+ 1-0

[Event "Bydgoszcz U18 op 12th"]
[Site "Bydgoszcz"]
[Date "2013.05.04"]
[Round "8.1"]
[White "Wloch, Mikolaj"]
[Black "Kroczka, Gromoslaw"]
[Result "1/2-1/2"]
[WhiteElo "1368"]
[BlackElo "1684"]
[PlyCount "68"]
[EventDate "2013.05.02"]
[EventType "swiss"]
[EventRounds "9"]
[EventCountry "POL"]
[SourceTitle "EXT 2023"]
[Source "ChessBase"]
[SourceDate "2022.10.05"]
[SourceVersion "1"]
[SourceVersionDate "2022.10.05"]
[SourceQuality "1"]

1. e4 c5 2. Nf3 Nc6 3. d4 cxd4 4. Nxd4 Nf6 5. Nc3 e5 6. Ndb5 d6 7. Bg5 a6 8. Na3 b5 9. Nd5 Be7 10. Nxe7 Nxe7 11. Bxf6 gxf6 12. g3 Bb7 13. Bg2 f5 14. f3 h5 15. Qd2 Qb6 16. Qf2 Qxf2+ 17. Kxf2 h4 18. gxh4 Rxh4 19. Rad1 Rd8 20. c4 b4 21. Nc2 a5 22. Rde1 Rc8 23. b3 fxe4 24. fxe4 Rf4+ 25. Ke3 d5 26. exd5 Bxd5 27. Bxd5 Nxd5+ 28. Kd3 Rf3+ 29. Ke4 Rf2 30. Kxd5 Rxc2 31. Rxe5+ Kf8 32. Rh5 Rd2+ 33. Ke4 Re8+ 34. Kf3 Rd3+ 1/2-1/2